| 000 | 00412nam a2200145Ia 4500 | ||
|---|---|---|---|
| 008 | 210210b1977 xxu||||| |||| 00| 0 eng d | ||
| 082 | _a658.785 GOPS | ||
| 100 | _aGOPALAKRISHNAN (P) and SUNDARESAN (M). | ||
| 245 | _aSpare parts management text and cases. | ||
| 260 |
_aBombay. _bJAICO Press Pvt Ltd., _c1977 |
||
| 300 | _ax,269 | ||
| 650 | _aSpare Parts Management | ||
| 690 | _aManagement | ||
| 906 | _a033402 | ||
| 999 |
_c84011 _d84011 |
||